000 00666nam a2200289Ia 4500
005 20260324134151.0
008 008 260324s9999 xx 000 0 eng d
020 _a9781849770422
037 _aEBOOK
040 _aCRL
040 _beng
040 _cCRL
041 _2eng
041 _aeng
084 _qCRL
100 _aJules Pretty
_91182774
245 0 _aAgri-Culture
245 0 _bReconnecting People, Land and Nature
260 _bTaylor and Francis
260 _c2002
365 _a
365 _b230
856 _uhttp://www.taylorfrancis.com/books/9781849770422
942 _cEBOOK
999 _c1795595
_d1795595